<?xml version="1.0" encoding="UTF-8"?>
<collection xmlns="http://www.loc.gov/MARC21/slim">
 <record>
  <leader>00608pamaa2200181   4500</leader>
  <controlfield tag="001">0000044272</controlfield>
  <controlfield tag="005">20101006090000.0</controlfield>
  <controlfield tag="008">080920                             eng  </controlfield>
  <datafield tag="020" ind1="0" ind2="0">
   <subfield code="a">0495100579 (pbk.) </subfield>
  </datafield>
  <datafield tag="082" ind1=" " ind2=" ">
   <subfield code="a">302.2 WOO</subfield>
  </datafield>
  <datafield tag="090" ind1="0" ind2="0">
   <subfield code="a">P90 </subfield>
   <subfield code="b">WOO 2008</subfield>
  </datafield>
  <datafield tag="100" ind1="1" ind2="0">
   <subfield code="a">Wood </subfield>
  </datafield>
  <datafield tag="245" ind1="1" ind2="0">
   <subfield code="a">Communication mosaics : </subfield>
   <subfield code="b">a new introduction to the field of communication  </subfield>
   <subfield code="c">Julia T. Wood.</subfield>
  </datafield>
  <datafield tag="250" ind1="0" ind2="0">
   <subfield code="a">5th ed.</subfield>
  </datafield>
  <datafield tag="260" ind1="0" ind2="0">
   <subfield code="a">Belmont, CA: </subfield>
   <subfield code="b">Thomson/Wadsworth Pub., </subfield>
   <subfield code="c">2008.</subfield>
  </datafield>
  <datafield tag="300" ind1=" " ind2=" ">
   <subfield code="a">xxxiii, 414p.: </subfield>
   <subfield code="b">ill. (some col.); </subfield>
   <subfield code="c">26cm.</subfield>
  </datafield>
  <datafield tag="504" ind1="0" ind2="0">
   <subfield code="a">Includes bibliographical references (p. [378]-404) and index</subfield>
  </datafield>
  <datafield tag="650" ind1="0" ind2="0">
   <subfield code="a">Communication </subfield>
  </datafield>
 </record>
</collection>
